Simple General Knowledge #1 - Statistics

General Stats
  • This quiz has been taken 159 times
  • The average score is 17 of 20
Answer Stats
Question Answer % Correct
What, primarily, do giant pandas eat? Bamboo
95%
What is the fastest land animal? Cheetah
94%
What shape are SpongeBob's pants? Square
94%
What is the last name of sisters Kourtney and Khloe? Kardashian
91%
What article of clothing is famously worn by Dracula and Superman? Cape
90%
What animal do Buffalo Wings come from? Chicken
88%
What word refers to a species that no longer exists? Extinct
88%
Who sang Poker Face? Lady Gaga
88%
What is the second most common language in the United States? Spanish
87%
What makes bread rise? Yeast
87%
What is the most popular religion in India? Hinduism
86%
What does UFO stand for? Unidentified Flying Object
86%
Which country has won the most men's soccer World Cups? Brazil
85%
In what language was Catholic mass always delivered, until the 1960s? Latin
84%
A pride is a group of what type of animal? Lion
84%
Who resigned as Apple CEO in 2011? Steve Jobs
84%
Who is Darth Vader's son? Luke Skywalker
83%
What is Islam's holiest city? Mecca
71%
What is the English translation of the German word "Wurst"? Sausage
69%
What country borders San Marino? Italy
66%
No matching quizzes found
Score Distribution
Percent of People with Each Score
Percentile by Number Answered
Your Score History
You have not taken this quiz